000 00987cam a22003251i 4500
999 _c2142
_d2142
001 020849896
003 UkOxU
005 20230313091444.0
008 161203s2016 enka j 000|f|eng|d
015 _aGBB6K0197
_2bnb
016 7 _a018134005
_2Uk
020 _a9781910200803 (pbk.) :
035 _a(Uk)018134005
040 _aStDuBDS
_beng
_erda
_cStDuBDS
_dUk
_dKH8
042 _aukblsr
082 0 4 _a823.914 MOR
_223
100 1 _aMorpurgo, Michael,
_eauthor.
245 1 0 _aComing home /
_cMichael Morpurgo and Kerry Hyndman.
264 1 _aOxford :
_bDavid Fickling Books,
_c2016.
300 _a1 volume :
_bchiefly illustrations (colour) ;
_c27 cm
336 _atext
_2rdacontent
336 _astill image
_2rdacontent
337 _aunmediated
_2rdamedia
338 _avolume
_2rdacarrier
500 _aFormerly CIP.
_5Uk
655 0 _aChristmas fiction.
655 7 _aChildren's stories
_vPictorial works.
_2gsafd
700 1 _aHyndman, Kerry,
_eartist.
942 _2ddc
_cNFIC